00361nam a2200145Ia 4500008004100000020001500041041000800056082001900064100001900083245002000102250000600122260006000128300000800188650001900196210716s2004 xx 000 0 und d a8178881543 aeng a574.80285 KUPC aKuppuswamy, C. aBioinformatics. a1 aNew DelhibDominant Publications and Distributorsc2004 a271 aBioinformatics